| 000 | nam a22 a 4500 | ||
|---|---|---|---|
| 999 |
_c4268 _d4268 |
||
| 005 | 20170526110208.0 | ||
| 008 | 170526s1998 my ||||| |||| 00| 0 eng d | ||
| 040 | _aAKMAL | ||
| 245 |
_aUndang-Undang Malaysia : _bAkta Membaharui Undang-undang (Pengahapusan Samsu Gelap) 1976 _cPesuruhjaya Penyemak Undang-undang Malaysia |
||
| 260 |
_aKuala Lumpur _bPesuruhjaya Penyemak Undang-undang Malaysia _c1998 |
||
| 300 |
_a22p _c24cm |
||
| 599 | _aDALAM PROSES | ||
| 650 |
_aAkta _98340 |
||
| 942 |
_2ddc _cBOOK |
||